La imprenta de Guayaquil independiente (1821-1822) (Record no. 3416)

MARC details
000 -CABECERA
campo de control de longitud fija 00795nam a2200229 a 4500
001 - NÚMERO DE CONTROL
campo de control BRCA_3685
005 - FECHA Y HORA DE LA ÚLTIMA TRANSACCIÓN
campo de control 20190320204401.0
008 - DATOS DE LONGITUD FIJA--INFORMACIÓN GENERAL
campo de control de longitud fija 840723s1982 ec-f---###---f000-0#spa-#
041 ## - CÓDIGO DE LENGUA
Código de lengua del texto/banda sonora o título independiente spa
044 ## - CÓDIGO DEL PAÍS DE LA ENTIDAD EDITORA/PRODUCTORA
Código MARC del país ec
050 #4 - SIGNATURA TOPOGRÁFICA DE LA BIBLIOTECA DEL CONGRESO
Número de clasificación Z213.G8
Número de documento/Ítem .C37 1982
100 1# - ENTRADA PRINCIPAL--NOMBRE DE PERSONA
Nombre de persona Castillo, Abel Romeo
Fechas asociadas al nombre 1904-
9 (RLIN) 9564
245 10 - MENCIÓN DE TÍTULO
Título La imprenta de Guayaquil independiente (1821-1822)
Mención de responsabilidad, etc. Abel Romeo Castillo.
250 ## - MENCIÓN DE EDICIÓN
Mención de edición 2
260 ## - PUBLICACIÓN, DISTRIBUCIÓN, ETC.
Lugar de publicación, distribución, etc. Guayaquil
Nombre del editor, distribuidor, etc. Centro de Investigación y Cultura del Banco Central del Ecuador, Sucursal Mayor
Fecha de publicación, distribución, etc. 1982
300 ## - DESCRIPCIÓN FÍSICA
Extensión xiii, 202 p., 20 láminas
Dimensiones 21 cm.
500 ## - NOTA GENERAL
Nota general Incluye índice de láminas
650 14 - PUNTO DE ACCESO ADICIONAL DE MATERIA--TÉRMINO DE MATERIA
Término de materia o nombre geográfico como elemento de entrada Imprenta
Subdivisión general Historia
Subdivisión cronológica Siglo XIX
Subdivisión geográfica Ecuador
9 (RLIN) 9565
650 14 - PUNTO DE ACCESO ADICIONAL DE MATERIA--TÉRMINO DE MATERIA
Término de materia o nombre geográfico como elemento de entrada Periódicos del Ecuador
Subdivisión general Historia
9 (RLIN) 9566
651 #4 - PUNTO DE ACCESO ADICIONAL DE MATERIA--NOMBRE GEOGRÁFICO
Nombre geográfico Guayaquil (Ecuador)
Subdivisión general Pie de imprenta
9 (RLIN) 9567
942 ## - ELEMENTOS DE PUNTO DE ACCESO ADICIONAL (KOHA)
Fuente del sistema de clasificación o colocación Library of Congress Classification
Tipo de ítem Koha Libros
Holdings
Estado de retiro Estado de pérdida Estado dañado No para préstamo Localización permanente Ubicación/localización actual Fecha de adquisición Total de préstamos Signatura topográfica completa Código de barras Fecha visto por última vez Precio válido a partir de Tipo de ítem Koha
El ejemplar forma parte de la colección y puede ser consultado según las políticas vigentes.       Biblioteca del Museo Franz Mayer (Rogerio Casas-Alatriste) Biblioteca del Museo Franz Mayer (Rogerio Casas-Alatriste) 03/09/2009   Z213.G8 .C37 1982 00589 22/03/2019 22/03/2019 Libros